| 000 | 00521cam a22001934a 4500 | ||
|---|---|---|---|
| 020 | _a0072320419 (alk. paper) | ||
| 020 | _a0071122591 (ISE) | ||
| 040 | _cDLC | ||
| 082 | 0 | 0 | _a579 HIL 2002 A106 Or. |
| 100 | 1 | _aPrescott, Lansing M. | |
| 245 | 0 | 0 | _aMicrobiology / |
| 250 | _a5th ed. | ||
| 260 |
_aBoston : _bMcGraw-Hill, _cc2002. |
||
| 300 |
_a1 v. (various pagings) : _bill. (some col.), col. maps ; _c29 cm. |
||
| 650 | 0 | _aMicrobiology. | |
| 700 | 1 | _aHarley, John P. | |
| 700 | 1 | _aKlein, Donald A., | |
| 942 | _cFB | ||
| 999 |
_c16929 _d16929 |
||